Internacionalizácia obchodu

Prejavy globalizácie obchodu. Strategické zvláštnosti internacionalizácie v obchode. Dynamika cezhraničnej expanzie najväčších globálne pôsobiacich obchodných podnikov v období rokov 1980-2004. Zvláštnosti internacionalizácie obchodu v porovnaní s inými odvetviami národného hospodárstva. Nové konkur...

Ausführliche Beschreibung

Gespeichert in:
Bibliographische Detailangaben
1. Verfasser: Matušovičová, Monika, 1967-
Format: Buchkapitel
Sprache:Slowakisch
Schlagworte:
Tags: Tag hinzufügen
Keine Tags, Fügen Sie das erste Tag hinzu!

MARC

LEADER 00000naa$a2200000$$$4500
001 0049085
005 20240522081854.5
041 0 |a slo 
044 |a SK 
245 1 0 |a Internacionalizácia obchodu  |c Monika Matušovičová 
520 |a Prejavy globalizácie obchodu. Strategické zvláštnosti internacionalizácie v obchode. Dynamika cezhraničnej expanzie najväčších globálne pôsobiacich obchodných podnikov v období rokov 1980-2004. Zvláštnosti internacionalizácie obchodu v porovnaní s inými odvetviami národného hospodárstva. Nové konkurenčné výhody, ktoré vznikajú v súvislosti s procesom internacionalizácie. Tri stupne expanzie na medzinárodných trhoch. Súčasný stupeň a forma internacionalizácie obchodu. 
610 2 0 |a internacionalizácia 
610 2 0 |a obchod medzinárodný 
610 2 0 |a obchod zahraničný 
610 2 0 |a globalizácia 
610 2 0 |a trh medzinárodný 
610 2 0 |a kooperácia hospodárska medzinárodná 
610 2 0 |a výhody konkurenčné 
610 2 0 |a sortiment tovaru 
610 2 0 |a spotrebitelia 
100 1 |a Matušovičová, Monika, 1967-